| 000 | 00415nam a22001337a 4500 | ||
|---|---|---|---|
| 082 |
_a620.0091415 _bINS _cL-38, P-75 |
||
| 100 |
_aFlaconer, Dublin _940624 |
||
| 245 | _aTransactions of the institution of civil engineers of Ireland | ||
| 260 |
_aDublin _bPrinted for the institution by faloner. |
||
| 300 |
_aiii, 295p. _bill. |
||
| 526 |
_a0 _b0 _c0 _d620_009141500000000_INS |
||
| 650 |
_aMCE _9379 |
||
| 942 |
_2ddc _cBK |
||
| 999 |
_c544880 _d544880 |
||